000 00287nam a22001097a 4500
008 170124b xxu||||| |||| 00| 0 eng d
020 _a9781582556314
041 _aeng
080 _23RD
_a618.2
245 _aLIPPINCOTT MANUAL OF NURSING PRACTICE HANDBOOK
_cLIPPINCOTT, J.B
942 _2udc
_cBK
999 _c3540
_d3540